Computer architecture | . (رقم التسجيلة. 1015)
[ عرض عادي ]
| 000 -الفاتح | |
|---|---|
| حقل البيانات ثابتة الطول | 00870cam a22002774a 4500 |
| 001 - رقم الضبط | |
| رقم الضبط | 49238430 |
| 003 - محدد رقم الضبط | |
| رقم الضبط | OCoLC |
| 005 - وقت وتاريخ اخر تعامل مع التسجيلة | |
| رقم الضبط | 20150408113725.0 |
| 008 - عناصر البيانات ثابتة الطول - معلومات عامة | |
| حقل البيانات ثابتة الطول | 011221s2003 caua b 001 0 eng |
| 010 ## - رقم ضبط مكتبة الكونجرس | |
| رقم ضبط مكتبة الكونجرس | 2001099789 |
| 015 ## - رقم الببليوجرافية الوطنية | |
| رقم الببليوجرافية الوطنية | GBA2-Y3280 |
| 020 ## - الرقم الدولى المعيارى للكتب | |
| الرقم الدولى المعيارى للكتاب | 1558605967 (cloth alk. paper) |
| 020 ## - الرقم الدولى المعيارى للكتب | |
| الرقم الدولى المعيارى للكتاب | 1558607242 (paper) |
| 040 ## - مصدر الفهرسة | |
| وكالة الفهرسة الأصلية | DLC |
| وكالة النسخ | DLC |
| وكالة التعديل | UKM |
| -- | IQU |
| 042 ## - رمز التحقق | |
| رمز التحقق | pcc00 |
| 050 ## - رقم طلب مكتبة الكونجرس | |
| رقم التصنيف | QA76.9.A73 |
| رقم المادة | P377 200300 |
| 082 ## - رقم تصنيف ديوى العشرى | |
| رقم التصنيف | 004.22 |
| رقم الطبعة | 211 |
| 100 ## - المدخل الرئيسى - إسم شخصى | |
| الإسم الشخصى | Hennessy, John L.10 |
| 9 (RLIN) | 5438 |
| 245 ## - بيان العنوان | |
| العنوان | Computer architecture |
| بقية العنوان | a quantitative approach / |
| بيان المسئوليه,etc | John L. Hennessy, David A. Patterson, with contributions by David Goldberg, Krste Asanovic. |
| العنوان | . |
| 260 ## - PUBLICATION, DISTRIBUTION, ETC. (IMPRINT) | |
| اسم الناشر او الموزع | Morgan Kaufmann Publishers, |
| تاريخ النشر أو التوزيع | c2003. |
| مكان الناشر او الموزع | 1 |
| 300 ## - الوصف المادى | |
| تفاصيل ماديه اخرى للوعاء | ill. ; |
| أبعاد الوعاء | 25 cm. |
| التعداد | On t |
| 505 ## - تبصرة محتويات-الفهرس | |
| تبصرة المحتويات المصاغة | <br/> |
| 650 ## - المدخل الاضافى بالموضوع-مصطلح موضوعى | |
| مصطلح موضوعي أو اسم جغرافي كعنصر مدخل | Computer architecture |
| 700 ## - المدخل الاضافى - اسم شخصى | |
| الإسم الشخصى | Patterson, David A |
| 9 (RLIN) | 5439 |
| 942 ## - عناصر المدخل الإضافي( كوها) | |
| مصدر التصنيف او مخطط الترفيف | Dewey Decimal Classification |
| Koha [default] item type | كتاب |
| حالة الفقد | نموذج السعر الفعال | حالة تلف | ليس للاعارة | رقم الطلب | تاريخ الاكتساب | الموقع الحالي | الباركود | الفرع الرئيسي | Date last seen | نوع المادة فى نظام كوها | مصدر التصنيف او خطة الترفيف | Total Checkouts |
|---|---|---|---|---|---|---|---|---|---|---|---|---|
| 2013-03-10 | 004.22 H J C | 2011-10-23 | المكتبة المركزية بالمجمعة (CL) | 00050864 | المكتبة المركزية بالمجمعة (CL) | 2013-03-10 | كتاب | Dewey Decimal Classification | ||||
| 2013-03-10 | 004.22 H J C | 2011-10-26 | المكتبة المركزية بالمجمعة (CL) | 00050862 | المكتبة المركزية بالمجمعة (CL) | 2013-03-10 | كتاب | Dewey Decimal Classification | ||||
| 2013-03-10 | 004.22 H J C | 2011-10-26 | المكتبة المركزية بالمجمعة (CL) | 00050861 | المكتبة المركزية بالمجمعة (CL) | 2013-03-10 | كتاب | Dewey Decimal Classification |
